| 000 | 00734nam a2200205 a 4500 | ||
|---|---|---|---|
| 005 | 20160316085241.0 | ||
| 008 | 140227b1998 iv d fr|||| 00| 0 eng d | ||
| 040 |
_aCO-BoIAVH _cCO-BoIAVH |
||
| 041 | 1 | _aeng | |
| 082 | 0 | 4 |
_a306.349 _bD48t |
| 245 | 1 | 0 | _aDevelopment of teak cloning and establishment of industrial plantations |
| 260 |
_a[s.l.] : _bITTO, _c1998. |
||
| 300 |
_a16 páginas : _btablas ; _c30 x 21 centĂmetros |
||
| 650 | 6 |
_aIndustria forestal _xplantaciones _zCosta de Marfil |
|
| 650 | 6 |
_aRecursos forestales _xplantaciones |
|
| 650 | 4 | _aAprovechamiento forestal | |
| 650 | 6 | _aAprovechamiento de la madera | |
| 710 | 2 | _aInternational tropical timber organization | |
| 942 |
_cLIBRO _2ddc |
||
| 999 |
_c1401 _d1401 |
||